000 00562 a2200181 4500
003 Nust
005 20251015131741.0
040 _cNust
082 _a621.382
100 _aBhatti, Capt Abid Hussain (TE-28)
_9131162
245 _aMicrocomputer based speech synthesizer /
_cCapt Abid Hussain Bhatti & Capt Muhammad Rafiq , Capt Jamil Ahmad Zia , Capt Saqib Ishaq and Capt M. Atif Cheema
260 _aUET, Lahore
_bMCS
_c1995
300 _a39 p.;
610 _aTE-28
_9131163
650 _aUG Projects
_998716
651 _aTE-28
_9131161
942 _2ddc
_cPR
999 _c182029
_d182029